| 000 | 00790nas1a22002531i 4500 | ||
|---|---|---|---|
| 001 | RU\NLR\INFOCOMM55\5000110376 | ||
| 005 | 20260406214137.0 | ||
| 035 | _a(NLR Aleph) 002340619 | ||
| 090 |
_a4481538 _c4481538 |
||
| 100 | _a20041028c1997 |||y0rusy50 ca | ||
| 101 | 0 | _arus | |
| 102 | _aRU | ||
| 110 | _aayuzz 0|y| | ||
| 200 | 1 |
_aСекретарь _eЖурн. для чтения в офисе _fУчредитель: ООО "Веч. тема" |
|
| 210 |
_aМ. _cБ. и. _d1997- |
||
| 712 | 0 | 2 |
_4570 _a"Вечная тема", общество _cМосква _9440268 _3RU\NLR\AUTH\889971857 |
| 801 | 1 |
_aRU _bInfoComm _c20041028 |
|
| 801 | 0 |
_aRU _bNLR _gPSBO |
|
| 852 |
_aNLR _jП23/4250 |
||
| 942 | _cJOURNAL | ||
| 980 | _aRUSPER | ||